Véronique Sanson : Paroles Amoureuse - Statistiques

Statistiques générales
  • Ce quiz a été pris 11 fois
  • Le résultat moyen est 161 sur 211
Statistiques - réponses
Paroles % Correct
À
100%
De
100%
Du
100%
Je
100%
Le
100%
Loin
100%
Lui
100%
Ma
100%
Me
100%
Quand
100%
Que
100%
Sa
100%
Sais
100%
Suis
100%
Amour
88%
Autre
88%
Demande
88%
Et
88%
La
88%
Mais
88%
Ne
88%
Plus
88%
Qui
88%
Sens
88%
Si
88%
Autre
75%
Avec
75%
Chagrin
75%
J'ai
75%
Mains
75%
M'en
75%
M'endors
75%
Mes
75%
Nous
75%
Pas
75%
Prends
75%
Qu'on
75%
Tête
75%
Tout
75%
Toute
75%
Un
75%
Une
75%
Vie
75%
Cet
63%
Contre
63%
D'ici
63%
D'un
63%
Fièvre
63%
Il
63%
L'interdit
63%
N'ai
63%
Non
63%
Nuit
63%
Planète
63%
Sans
63%
Son
63%
Veux
63%
Aura
50%
D'une
50%
Elle
50%
Entre
50%
Jure
50%
Lendemain
50%
L'ombre
50%
Oh
50%
Pour
50%
Remords
50%
Vous
50%
Vraiment
50%
Dans
38%
Diable
38%
M'emporte
38%
Mord
38%
Prie
38%
Serre
38%
Destin
25%
J'aie
25%
J'entre
25%
Montre
25%
Pluie
25%
Ressens
25%
Sommeil
25%
Sorte
25%
Force
13%
Langage
13%
L'aurore
13%
M'apporte
13%
Parler
13%
Qu'arrive
13%
Soleil
13%
Visage
13%
L'angoisse
0%
Aucun quiz correspondant
Distribution des résultats
% des personnes avec chaque résultat
Percentile par nombre de réponses
Votre historique - résultats
Vous n’avez pas pris ce quiz